01747nam a2200421 i 450000100060000000300080000600500170001400600190003100700150005000800410006501700270010602000270013302000280016003500220018804000310021005000220024108000140026308200120027724501940028926400410048330000410052433600310056533700330059633800430062950000220067258800830069459001620077765000510093965000390099065500270102970000380105670000430109470000480113770000420118579700180122785600630124599900170130846190FINmELB20241216231748.0m o d | cr cnu||||||||240324s2023 sp o 001 0 spa d aM-27994-2023bEspaña a9788411705165q(print) a9788411706209q(e-book) a(OCoLC)1431000797 aFINmELBbspaerdacFINmELB 4aLB2324bR438 2023 a378:159.904a37822300aRetos de la psicología y la educación en contextos universitarios /cIsabel Mercader Rubio, Nieves Gutiérrez Ángel. Ma Dolores Pérez Esteban. Cristina Pinel Martínez (editoras). 1aMadrid :bEditorial Dykinson,c2023. a1 recurso en línea (162 páginas) atextobtxt2rdacontent/spa acomputadorabc2rdamedia/spa arecurso en líneabcr2rdacarrier/spa aIncluye índice. aDescripción basada en metadatos suministrados por el editor y otras fuentes. aRecurso electrónico. Santa Fe, Arg.: elibro, 2024. Disponible vía World Wide Web. El acceso puede estar limitado para las bibliotecas afiliadas a elibro. 4aEducación superiorxAspectos psicológicos. 4aPsicologíaxAspectos educativos. 4aLibros electrónicos.1 aMercader Rubio, Isabel,eeditora.1 aGutiérrez Ángel, Nieves,eeditora.1 aPérez Esteban, María Dolores,eeditora.1 aPinel Martínez, Cristina,eeditora.2 aelibro, Corp.40uhttps://elibro.net/ereader/politecnicointernacional/251472 c46190d46190